General Knowledge in Groups - Statistics

General Stats
  • This quiz has been taken 35 times
  • The average score is 8 of 20
Answer Stats
Hint Answer % Correct
Paris landmark Eiffel tower
97%
the academy he was a part of Plato's
86%
King of Macedon Alexander the Great
83%
His teacher Socrates
83%
His mentor Aristotle
76%
Fawke's plot Gunpowder plot
76%
Famous irish writer James Joyce
59%
their Mother Hera
48%
his 1922 novel Ulysses
48%
country of origin China
41%
Her Father Cronus (Kronos)
38%
Greek god in its name Ares
21%
Garden in front of it Champ de Mars (Fields of Mars)
10%
Basketball tournament March Madness
10%
song played at this event Nuptial march (Wedding march)
10%
Their bookstore Shakespeare and Co
10%
their Venetian character Othello
7%
teachers contemporary to him Sophists
3%
its publisher Sylvia Beach
3%
used in special occasions Wedding China
3%
No matching quizzes found
Score Distribution
Percent of People with Each Score
Percentile by Number Answered
Your Score History
You have not taken this quiz